[Event "Perpignan Rapide 2018"]
[Site "Perpignan"]
[Date "2018.10.21"]
[Round "1.1"]
[White "BAUER, Christian"]
[Black "LONG, Raphael"]
[Result "1-0"]
[BlackElo "1558"]
[WhiteElo "2660"]
[LiveChessVersion "1.4.8"]

1. b3 {[%clk 0:15:05]} d5 {[%clk 0:14:54]} 2. Bb2 {[%clk 0:15:06]} Nf6
{[%clk 0:14:54]} 3. e3 {[%clk 0:15:08]} e6 {[%clk 0:14:53]} 4. Nf3
{[%clk 0:15:07]} c5 {[%clk 0:14:55]} 5. c4 {[%clk 0:15:08]} Nc6 {[%clk 0:14:53]}
6. cxd5 {[%clk 0:15:02]} exd5 {[%clk 0:14:56]} 7. Bb5 {[%clk 0:15:04]} Bg4
{[%clk 0:14:46]} 8. h3 {[%clk 0:14:58]} Bh5 {[%clk 0:14:18]} 9. Nc3
{[%clk 0:14:05]} Bd6 {[%clk 0:11:27]} 10. d4 {[%clk 0:11:36]} cxd4
{[%clk 0:10:31]} 11. Qxd4 {[%clk 0:11:37]} O-O {[%clk 0:10:26]} 12. Bxc6
{[%clk 0:11:37]} bxc6 {[%clk 0:10:27]} 13. Na4 {[%clk 0:10:58]} Bxf3
{[%clk 0:08:48]} 14. gxf3 {[%clk 0:10:59]} Qe7 {[%clk 0:08:42]} 15. Rg1
{[%clk 0:10:56]} Bb4+ {[%clk 0:06:51]} 16. Ke2 {[%clk 0:10:47]} Kh8
{[%clk 0:06:00]} 17. Rxg7 {[%clk 0:10:45]} Kxg7 {[%clk 0:05:35]} 18. Rg1+
{[%clk 0:10:46]} Kh6 {[%clk 0:05:33]} 19. Qf4+ {[%clk 0:10:47]} Bd6 20. Ke1+ 1-0

[Event "Perpignan Rapide 2018"]
[Site "Perpignan"]
[Date "2018.10.21"]
[Round "1.2"]
[White "NORMAND, Nicolas"]
[Black "MUNOZ, Miguel"]
[Result "0-1"]
[BlackElo "2577"]
[WhiteElo "1549"]
[LiveChessVersion "1.4.8"]

1. d4 {[%clk 0:15:00]} Nf6 {[%clk 0:15:04]} 2. Nc3 {[%clk 0:14:59]} c5
{[%clk 0:15:05]} 3. d5 {[%clk 0:15:00]} Qa5 {[%clk 0:15:06]} 4. Bd2
{[%clk 0:14:51]} b5 {[%clk 0:15:05]} 5. Ne4 {[%clk 0:14:27]} Qb6 {[%clk 0:15:06]}
6. Nxf6+ {[%clk 0:13:44]} exf6 {[%clk 0:15:06]} 7. e4 {[%clk 0:13:36]} g6
{[%clk 0:15:03]} 8. Nf3 {[%clk 0:13:23]} Bg7 {[%clk 0:15:03]} 9. c3
{[%clk 0:12:46]} O-O {[%clk 0:15:02]} 10. Be2 {[%clk 0:12:43]} Re8
{[%clk 0:15:01]} 11. Bd3 {[%clk 0:11:59]} f5 {[%clk 0:15:02]} 12. Qc2
{[%clk 0:11:41]} fxe4 {[%clk 0:14:55]} 13. Bxe4 {[%clk 0:10:43]} f5
{[%clk 0:14:53]} 14. O-O {[%clk 0:10:00]} fxe4 {[%clk 0:14:52]} 15. Ng5
{[%clk 0:09:57]} Bb7 {[%clk 0:14:39]} 16. Nxe4 {[%clk 0:09:27]} Bxd5
{[%clk 0:14:38]} 17. Ng3 {[%clk 0:08:25]} Qc6 {[%clk 0:14:29]} 18. f3
{[%clk 0:08:22]} d6 {[%clk 0:14:24]} 19. Rad1 {[%clk 0:08:13]} Nd7
{[%clk 0:14:24]} 20. Bc1 {[%clk 0:06:40]} Nb6 {[%clk 0:13:59]} 21. Rf2
{[%clk 0:05:51]} a5 {[%clk 0:13:20]} 22. Rfd2 {[%clk 0:05:46]} a4
{[%clk 0:13:20]} 23. Ne2 {[%clk 0:05:37]} Be5 {[%clk 0:13:07]} 24. Ng3
{[%clk 0:04:15]} Bxa2 {[%clk 0:13:04]} 25. Ne4 {[%clk 0:03:38]} d5
{[%clk 0:12:48]} 0-1

[Event "Perpignan Rapide 2018"]
[Site "Perpignan"]
[Date "2018.10.21"]
[Round "2.1"]
[White "CASTILLO, Emilio"]
[Black "BAUER, Christian"]
[Result "0-1"]
[BlackElo "2660"]
[WhiteElo "1904"]
[LiveChessVersion "1.4.8"]

1. d4 {[%clk 0:15:03]} Nf6 {[%clk 0:15:05]} 2. Nf3 {[%clk 0:15:02]} e6
{[%clk 0:15:04]} 3. Bf4 {[%clk 0:15:00]} b6 {[%clk 0:14:58]} 4. h3
{[%clk 0:14:55]} Bb7 {[%clk 0:14:52]} 5. e3 {[%clk 0:14:49]} d6 {[%clk 0:14:54]}
6. Be2 {[%clk 0:14:39]} Nbd7 {[%clk 0:14:56]} 7. O-O {[%clk 0:14:33]} h6
{[%clk 0:14:39]} 8. c4 {[%clk 0:13:26]} g5 {[%clk 0:14:41]} 9. Bg3
{[%clk 0:12:31]} Ne4 {[%clk 0:14:43]} 10. Bh2 {[%clk 0:12:20]} h5
{[%clk 0:14:45]} 11. Nc3 {[%clk 0:12:11]} Nxc3 {[%clk 0:14:27]} 12. bxc3
{[%clk 0:12:12]} g4 {[%clk 0:14:29]} 13. Ne1 {[%clk 0:10:28]} Nf6
{[%clk 0:13:21]} 14. f3 {[%clk 0:09:28]} gxh3 {[%clk 0:13:08]} 15. gxh3
{[%clk 0:08:56]} Bh6 {[%clk 0:13:09]} 16. e4 {[%clk 0:08:04]} h4 {[%clk 0:12:27]}
17. d5 {[%clk 0:06:41]} Rg8+ {[%clk 0:11:55]} 18. Kh1 {[%clk 0:06:28]} Nh5
{[%clk 0:11:50]} 19. Ng2 {[%clk 0:05:57]} Ng3+ {[%clk 0:10:30]} 20. Bxg3
{[%clk 0:04:25]} Rxg3 {[%clk 0:10:31]} 21. f4 {[%clk 0:03:18]} Rxh3+
{[%clk 0:10:32]} 22. Kg1 {[%clk 0:02:57]} Rg3 {[%clk 0:09:20]} 23. Kh2
{[%clk 0:02:22]} Qf6 {[%clk 0:07:24]} 24. Qa4+ {[%clk 0:01:06]} Ke7
{[%clk 0:07:18]} 25. e5 {[%clk 0:00:42]} Rxg2+ {[%clk 0:06:35]} 26. Kxg2
{[%clk 0:00:28]} Rg8+ {[%clk 0:06:36]} 27. Kh1 {[%clk 0:00:20]} Qg6
{[%clk 0:06:26]} 28. Bf3 {[%clk 0:00:12]} Qg3 {[%clk 0:06:13]} 29. exd6+ 0-1

[Event "Perpignan Rapide 2018"]
[Site "Perpignan"]
[Date "2018.10.21"]
[Round "2.2"]
[White "MUNOZ, Miguel"]
[Black "SALVADOR, Lucie"]
[Result "1-0"]
[BlackElo "1924"]
[WhiteElo "2577"]
[LiveChessVersion "1.4.8"]

1. e4 {[%clk 0:15:04]} e6 {[%clk 0:15:04]} 2. d4 {[%clk 0:15:06]} d5
{[%clk 0:15:04]} 3. Nd2 {[%clk 0:15:07]} dxe4 {[%clk 0:14:51]} 4. Nxe4
{[%clk 0:15:08]} Nf6 {[%clk 0:14:49]} 5. Bg5 {[%clk 0:15:08]} Be7
{[%clk 0:14:50]} 6. Bxf6 {[%clk 0:15:09]} Bxf6 {[%clk 0:14:51]} 7. Nf3
{[%clk 0:15:10]} Nd7 {[%clk 0:14:25]} 8. c3 {[%clk 0:15:10]} b6 {[%clk 0:13:30]}
9. Bd3 {[%clk 0:14:52]} Bb7 {[%clk 0:13:22]} 10. Qe2 {[%clk 0:14:53]} Qe7
{[%clk 0:12:47]} 11. O-O-O {[%clk 0:14:51]} O-O {[%clk 0:12:03]} 12. g4
{[%clk 0:13:45]} g6 {[%clk 0:09:58]} 13. h4 {[%clk 0:13:34]} c5 {[%clk 0:09:15]}
14. Bb5 {[%clk 0:13:11]} Bxe4 {[%clk 0:07:21]} 15. Qxe4 {[%clk 0:13:11]} cxd4
{[%clk 0:07:10]} 16. cxd4 {[%clk 0:11:54]} Rac8+ {[%clk 0:06:26]} 17. Kb1
{[%clk 0:11:55]} Rc7 {[%clk 0:06:22]} 18. h5 {[%clk 0:11:54]} Rfc8
{[%clk 0:05:18]} 19. Ba6 {[%clk 0:11:32]} Rd8 {[%clk 0:02:50]} 20. hxg6
{[%clk 0:11:27]} fxg6 {[%clk 0:02:51]} 21. g5 {[%clk 0:10:53]} Bh8
{[%clk 0:02:22]} 22. Rhe1 {[%clk 0:09:56]} b5 {[%clk 0:01:45]} 23. Bxb5
{[%clk 0:09:24]} Rb8 {[%clk 0:01:20]} 24. Ba4 {[%clk 0:07:18]} Rcb7
{[%clk 0:00:24]} 25. Bb3 {[%clk 0:07:16]} Rxb3 {[%clk 0:00:17]} 26. axb3
{[%clk 0:07:17]} Rxb3 {[%clk 0:00:13]} 27. Re3 {[%clk 0:06:33]} Rb8
{[%clk 0:00:09]} 28. Qxe6+ {[%clk 0:06:32]} Qxe6 {[%clk 0:00:11]} 29. Rxe6
{[%clk 0:06:33]} Kf7 {[%clk 0:00:12]} 30. Ra6 {[%clk 0:06:32]} Rb7
{[%clk 0:00:08]} 31. Rh1 {[%clk 0:06:24]} Kg8 {[%clk 0:00:08]} 32. Rd6
{[%clk 0:06:07]} Nb6 {[%clk 0:00:06]} 33. Rc1 {[%clk 0:06:01]} Bg7
{[%clk 0:00:05]} 34. Ne5 {[%clk 0:06:02]} Bxe5 {[%clk 0:00:06]} 35. dxe5
{[%clk 0:06:03]} Re7 {[%clk 0:00:08]} 36. f4 {[%clk 0:06:03]} Kf7
{[%clk 0:00:09]} 37. e6+ {[%clk 0:05:54]} Kg7 {[%clk 0:00:11]} 38. Kc2
{[%clk 0:05:43]} Nc4 {[%clk 0:00:11]} 39. Rd7 {[%clk 0:05:45]} Kf8
{[%clk 0:00:06]} 40. Re1 {[%clk 0:05:33]} a5 {[%clk 0:00:04]} 41. Kc3
{[%clk 0:05:32]} Nb6 {[%clk 0:00:06]} 42. Rd8+ {[%clk 0:05:08]} Kg7
{[%clk 0:00:08]} 43. Kd4 {[%clk 0:05:07]} Na4 {[%clk 0:00:08]} 44. b3
{[%clk 0:05:05]} Nb6 {[%clk 0:00:07]} 45. Kc5 1-0

[Event "Perpignan Rapide 2018"]
[Site "Perpignan"]
[Date "2018.10.21"]
[Round "3.1"]
[White "BAUER, Christian"]
[Black "FRISK, Ellinor"]
[Result "1-0"]
[BlackElo "2218"]
[WhiteElo "2660"]
[LiveChessVersion "1.4.8"]

1. e4 {[%clk 0:15:04]} c5 {[%clk 0:15:04]} 2. Nf3 {[%clk 0:14:59]} g6
{[%clk 0:14:47]} 3. d4 {[%clk 0:14:55]} cxd4 {[%clk 0:14:48]} 4. Qxd4
{[%clk 0:14:56]} Nf6 {[%clk 0:14:39]} 5. e5 {[%clk 0:14:58]} Nc6 {[%clk 0:14:34]}
6. Qa4 {[%clk 0:14:59]} Nd5 {[%clk 0:14:17]} 7. Qe4 {[%clk 0:14:58]} Nc7
{[%clk 0:13:37]} 8. Nc3 {[%clk 0:14:51]} Bg7 {[%clk 0:13:27]} 9. Bf4
{[%clk 0:14:18]} O-O {[%clk 0:13:14]} 10. O-O-O {[%clk 0:14:10]} b5
{[%clk 0:11:59]} 11. h4 {[%clk 0:13:24]} b4 {[%clk 0:11:47]} 12. Na4
{[%clk 0:13:12]} Ne6 {[%clk 0:11:02]} 13. Be3 {[%clk 0:13:13]} Qa5
{[%clk 0:10:46]} 14. b3 {[%clk 0:13:15]} Rb8 {[%clk 0:09:18]} 15. h5
{[%clk 0:12:40]} Nxe5 {[%clk 0:08:35]} 16. Rd5 {[%clk 0:12:38]} Qc7
{[%clk 0:05:43]} 17. Nxe5 {[%clk 0:12:14]} Bb7 {[%clk 0:05:39]} 18. hxg6
{[%clk 0:11:30]} fxg6 {[%clk 0:03:47]} 19. Qh4 {[%clk 0:09:17]} Rfc8
{[%clk 0:03:08]} 20. Qxh7+ {[%clk 0:08:33]} Kf8 {[%clk 0:03:10]} 21. Nxd7+
{[%clk 0:08:04]} Kf7 {[%clk 0:02:30]} 22. Bd3 {[%clk 0:07:59]} Nf4
{[%clk 0:01:35]} 23. Bxf4 {[%clk 0:05:01]} Qxf4+ {[%clk 0:01:37]} 24. Kb1
{[%clk 0:04:59]} Bxd5 {[%clk 0:01:16]} 25. Qxg6+ {[%clk 0:04:51]} Kg8
{[%clk 0:01:17]} 26. Rh8+ {[%clk 0:04:39]} Kxh8 {[%clk 0:01:13]} 27. Qh7# 1-0

[Event "Perpignan Rapide 2018"]
[Site "Perpignan"]
[Date "2018.10.21"]
[Round "3.2"]
[White "MURATET, Albert"]
[Black "MUNOZ, Miguel"]
[Result "0-1"]
[BlackElo "2577"]
[WhiteElo "2188"]
[LiveChessVersion "1.4.8"]

1. e4 {[%clk 0:15:03]} d5 {[%clk 0:15:03]} 2. exd5 {[%clk 0:15:00]} Qxd5
{[%clk 0:15:04]} 3. Nc3 {[%clk 0:14:55]} Qa5 {[%clk 0:15:05]} 4. Bc4
{[%clk 0:14:27]} Nf6 {[%clk 0:15:06]} 5. d3 {[%clk 0:14:22]} Bg4 {[%clk 0:15:05]}
6. Nge2 {[%clk 0:14:21]} Nc6 {[%clk 0:15:05]} 7. O-O {[%clk 0:14:15]} e6
{[%clk 0:14:26]} 8. f3 {[%clk 0:13:50]} Bf5 {[%clk 0:14:18]} 9. Ng3
{[%clk 0:13:42]} Bg6 {[%clk 0:14:16]} 10. Be3 {[%clk 0:12:30]} Bc5
{[%clk 0:13:48]} 11. Qe2 {[%clk 0:12:06]} O-O-O {[%clk 0:13:42]} 12. a3
{[%clk 0:11:48]} Bxe3+ {[%clk 0:11:53]} 13. Qxe3 {[%clk 0:11:49]} Nd4
{[%clk 0:11:54]} 14. Qf2 {[%clk 0:10:40]} Qb6 {[%clk 0:11:55]} 15. Na4
{[%clk 0:09:57]} Qc6 {[%clk 0:11:38]} 16. Nc3 {[%clk 0:09:45]} Kb8
{[%clk 0:11:00]} 17. a4 {[%clk 0:09:32]} Nxc2 {[%clk 0:10:45]} 18. Rac1
{[%clk 0:08:29]} Nb4 {[%clk 0:10:43]} 19. Nce4 {[%clk 0:08:00]} Qb6
{[%clk 0:10:39]} 20. Rfd1 {[%clk 0:06:32]} Qxf2+ {[%clk 0:10:16]} 21. Kxf2
{[%clk 0:06:24]} a5 {[%clk 0:10:02]} 22. Nxf6 {[%clk 0:06:10]} gxf6
{[%clk 0:10:03]} 23. Ne4 {[%clk 0:06:08]} f5 {[%clk 0:10:00]} 24. Nc3
{[%clk 0:05:48]} c6 {[%clk 0:09:49]} 25. f4 {[%clk 0:05:47]} Rd4 {[%clk 0:09:42]}
26. Ke3 {[%clk 0:05:24]} Rhd8 {[%clk 0:09:39]} 27. Ne2 {[%clk 0:04:48]} R4d6
{[%clk 0:09:39]} 28. Ng3 {[%clk 0:04:44]} f6 {[%clk 0:09:23]} 29. h4
{[%clk 0:04:02]} c5 {[%clk 0:09:05]} 30. h5 {[%clk 0:03:57]} Be8 {[%clk 0:09:06]}
31. b3 {[%clk 0:03:52]} Bc6 {[%clk 0:09:06]} 32. Rd2 {[%clk 0:03:43]} b6
{[%clk 0:08:41]} 33. Rg1 {[%clk 0:03:24]} Kc7 {[%clk 0:08:37]} 34. h6
{[%clk 0:03:09]} Be8 {[%clk 0:07:54]} 35. Ne2 {[%clk 0:02:30]} Nd5+
{[%clk 0:06:58]} 36. Bxd5 {[%clk 0:01:49]} Rxd5 {[%clk 0:06:57]} 37. g3
{[%clk 0:00:39]} Bh5 {[%clk 0:06:44]} 38. Rc1 {[%clk 0:00:28]} Bxe2
{[%clk 0:06:38]} 39. Kxe2 {[%clk 0:00:30]} Rg8 {[%clk 0:06:23]} 40. Kf3
{[%clk 0:00:29]} Rg6 {[%clk 0:06:25]} 41. Rh1 {[%clk 0:00:30]} e5
{[%clk 0:06:25]} 42. Rdd1 {[%clk 0:00:24]} Kd6 {[%clk 0:06:19]} 43. Rh5
{[%clk 0:00:19]} Ke6 {[%clk 0:06:09]} 44. Rhh1 {[%clk 0:00:19]} Rd4
{[%clk 0:06:05]} 45. fxe5 {[%clk 0:00:06]} fxe5 {[%clk 0:06:06]} 0-1

[Event "Perpignan Rapide 2018"]
[Site "Perpignan"]
[Date "2018.10.21"]
[Round "4.1"]
[White "TOUZANE, Olivier"]
[Black "BAUER, Christian"]
[Result "0-1"]
[BlackElo "2660"]
[WhiteElo "2313"]
[LiveChessVersion "1.4.8"]

1. d4 {[%clk 0:15:03]} Nf6 {[%clk 0:15:05]} 2. Bf4 {[%clk 0:14:52]} d6
{[%clk 0:15:06]} 3. Nc3 {[%clk 0:14:37]} Nbd7 {[%clk 0:15:07]} 4. Nf3
{[%clk 0:14:25]} c5 {[%clk 0:15:09]} 5. d5 {[%clk 0:13:41]} b5 {[%clk 0:15:10]}
6. e3 {[%clk 0:11:41]} a6 {[%clk 0:14:27]} 7. a4 {[%clk 0:11:16]} b4
{[%clk 0:14:29]} 8. Nb1 {[%clk 0:11:11]} g6 {[%clk 0:12:53]} 9. c4
{[%clk 0:10:47]} bxc3 {[%clk 0:12:49]} 10. Nxc3 {[%clk 0:09:54]} Rb8
{[%clk 0:12:49]} 11. Rb1 {[%clk 0:08:14]} Bg7 {[%clk 0:12:51]} 12. e4
{[%clk 0:07:55]} O-O {[%clk 0:11:45]} 13. Bd3 {[%clk 0:07:51]} Ng4
{[%clk 0:10:33]} 14. O-O {[%clk 0:07:35]} Nge5 {[%clk 0:10:30]} 15. Nxe5
{[%clk 0:07:26]} Nxe5 {[%clk 0:10:31]} 16. Be2 {[%clk 0:06:57]} f5
{[%clk 0:10:30]} 17. f3 {[%clk 0:06:47]} Rb4 {[%clk 0:10:23]} 18. Qd2
{[%clk 0:06:31]} Qb6 {[%clk 0:10:04]} 19. Bg5 {[%clk 0:05:40]} Rf7
{[%clk 0:08:47]} 20. Kh1 {[%clk 0:05:21]} Bd7 {[%clk 0:08:34]} 21. f4
{[%clk 0:04:40]} Nc4 {[%clk 0:08:32]} 22. Bxc4 {[%clk 0:04:40]} Rxc4
{[%clk 0:08:34]} 23. e5 {[%clk 0:04:12]} dxe5 {[%clk 0:08:33]} 24. fxe5
{[%clk 0:04:13]} Bxe5 {[%clk 0:06:44]} 25. Qe2 {[%clk 0:04:06]} Rg4
{[%clk 0:06:46]} 26. Qxe5 {[%clk 0:03:41]} Rxg5 {[%clk 0:06:48]} 27. Qe3
{[%clk 0:03:28]} Rg4 {[%clk 0:06:33]} 28. Rf4 {[%clk 0:03:02]} Rxf4
{[%clk 0:05:49]} 29. Qxf4 {[%clk 0:03:04]} a5 {[%clk 0:05:15]} 30. h3
{[%clk 0:02:55]} Qd6 {[%clk 0:04:29]} 31. Qf2 {[%clk 0:02:37]} g5
{[%clk 0:03:50]} 32. Re1 {[%clk 0:02:20]} f4 {[%clk 0:03:45]} 33. Qf3
{[%clk 0:02:02]} Qh6 {[%clk 0:03:26]} 34. Kg1 {[%clk 0:01:55]} Qf6
{[%clk 0:03:16]} 35. Ne4 {[%clk 0:01:44]} Qd4+ {[%clk 0:03:17]} 36. Kh1
{[%clk 0:01:32]} h6 {[%clk 0:02:53]} 37. Qc3 {[%clk 0:01:10]} Qxd5
{[%clk 0:02:00]} 38. Qxc5 {[%clk 0:00:58]} Bc6 {[%clk 0:01:47]} 39. Qxd5
{[%clk 0:00:50]} Bxd5 {[%clk 0:01:49]} 40. Nc3 {[%clk 0:00:41]} Bb7
{[%clk 0:01:48]} 41. Re5 {[%clk 0:00:42]} f3 {[%clk 0:01:49]} 42. gxf3
{[%clk 0:00:44]} Rxf3 {[%clk 0:01:51]} 43. Kg1 {[%clk 0:00:26]} Rxh3
{[%clk 0:01:40]} 44. Rxa5 {[%clk 0:00:26]} g4 {[%clk 0:01:42]} 45. Nd5
{[%clk 0:00:14]} Kf7 {[%clk 0:01:09]} 46. Nf4 {[%clk 0:00:10]} Rg3+
{[%clk 0:01:04]} 47. Kh2 {[%clk 0:00:11]} Rf3 {[%clk 0:01:00]} 48. Nh5
{[%clk 0:00:10]} Rh3+ {[%clk 0:00:58]} 49. Kg1 {[%clk 0:00:11]} g3
{[%clk 0:01:00]} 50. Kf1 {[%clk 0:00:07]} g2+ {[%clk 0:00:52]} 51. Kf2
{[%clk 0:00:06]} Rh1 {[%clk 0:00:36]} 0-1

[Event "Perpignan Rapide 2018"]
[Site "Perpignan"]
[Date "2018.10.21"]
[Round "4.2"]
[White "MUNOZ, Miguel"]
[Black "DOLUHANOVA, Evgeniya"]
[Result "1-0"]
[BlackElo "2273"]
[WhiteElo "2577"]
[LiveChessVersion "1.4.8"]

1. e4 {[%clk 0:15:02]} c5 {[%clk 0:15:05]} 2. g3 {[%clk 0:15:03]} Nc6
{[%clk 0:14:44]} 3. Bg2 {[%clk 0:15:05]} g6 {[%clk 0:14:45]} 4. Ne2
{[%clk 0:15:05]} Bg7 {[%clk 0:14:46]} 5. c3 {[%clk 0:15:06]} d6 {[%clk 0:14:32]}
6. d4 {[%clk 0:15:07]} cxd4 {[%clk 0:14:11]} 7. cxd4 {[%clk 0:15:08]} Bg4
{[%clk 0:14:12]} 8. f3 {[%clk 0:15:07]} Bd7 {[%clk 0:14:11]} 9. Nbc3
{[%clk 0:15:01]} f5 {[%clk 0:13:06]} 10. exf5 {[%clk 0:14:31]} Bxf5
{[%clk 0:13:01]} 11. Be3 {[%clk 0:13:08]} Nf6 {[%clk 0:11:20]} 12. O-O
{[%clk 0:12:56]} O-O {[%clk 0:11:17]} 13. g4 {[%clk 0:11:47]} Bd7
{[%clk 0:10:52]} 14. Qd2 {[%clk 0:11:39]} Qa5 {[%clk 0:08:28]} 15. a3
{[%clk 0:11:34]} Rac8 {[%clk 0:08:02]} 16. h3 {[%clk 0:11:27]} Qd8
{[%clk 0:06:55]} 17. b4 {[%clk 0:11:21]} a6 {[%clk 0:05:59]} 18. f4
{[%clk 0:11:15]} Kh8 {[%clk 0:04:57]} 19. Ng3 {[%clk 0:10:27]} Bxg4
{[%clk 0:04:14]} 20. hxg4 {[%clk 0:10:26]} Nxg4 {[%clk 0:04:15]} 21. Bxc6
{[%clk 0:08:28]} Rxc6 {[%clk 0:03:57]} 22. Nce4 {[%clk 0:08:16]} Rc4
{[%clk 0:03:39]} 23. Rad1 {[%clk 0:07:48]} Qb6 {[%clk 0:03:23]} 24. Ne2
{[%clk 0:06:55]} d5 {[%clk 0:01:46]} 25. Ng5 {[%clk 0:06:43]} h6 {[%clk 0:01:37]}
26. Nf3 {[%clk 0:06:36]} Qe6 {[%clk 0:01:36]} 27. Bf2 {[%clk 0:06:25]} Nxf2
{[%clk 0:01:25]} 28. Rxf2 {[%clk 0:05:44]} Qg4+ {[%clk 0:01:26]} 29. Kh1
{[%clk 0:05:37]} Qh5+ {[%clk 0:00:56]} 30. Nh2 {[%clk 0:05:24]} Rfc8
{[%clk 0:00:54]} 31. Qd3 {[%clk 0:05:11]} Rc2 {[%clk 0:00:46]} 32. Rg1
{[%clk 0:04:46]} R8c3 {[%clk 0:00:43]} 33. Qxg6 {[%clk 0:03:28]} Qxg6
{[%clk 0:00:42]} 34. Rxg6 {[%clk 0:03:30]} Bxd4 {[%clk 0:00:19]} 35. Nxc3
{[%clk 0:03:09]} Rxf2 {[%clk 0:00:15]} 36. Nxd5 {[%clk 0:03:10]} Rd2
{[%clk 0:00:05]} 37. Rxh6+ {[%clk 0:02:57]} Kg7 {[%clk 0:00:07]} 38. Re6
{[%clk 0:02:59]} Rd1+ {[%clk 0:00:06]} 39. Kg2 {[%clk 0:03:01]} Rd2+
{[%clk 0:00:06]} 40. Kh3 {[%clk 0:02:45]} Rd3+ {[%clk 0:00:06]} 41. Kg4
{[%clk 0:02:36]} Bf6 {[%clk 0:00:05]} 42. Nxf6 {[%clk 0:02:24]} Kf7
{[%clk 0:00:06]} 43. Ne4 {[%clk 0:02:00]} Rxa3 {[%clk 0:00:04]} 44. Ng5+
{[%clk 0:02:01]} 1-0

[Event "Perpignan Rapide 2018"]
[Site "Perpignan"]
[Date "2018.10.21"]
[Round "5.1"]
[White "BAUER, Christian"]
[Black "VIDARTE, Arturo"]
[Result "1/2-1/2"]
[BlackElo "2361"]
[WhiteElo "2660"]
[LiveChessVersion "1.4.8"]

1. d4 {[%clk 0:15:05]} Nf6 {[%clk 0:15:04]} 2. Bf4 {[%clk 0:15:06]} g6
{[%clk 0:15:06]} 3. Nc3 {[%clk 0:15:08]} Bg7 {[%clk 0:15:06]} 4. e4
{[%clk 0:15:09]} d6 {[%clk 0:15:04]} 5. Qd2 {[%clk 0:15:07]} O-O {[%clk 0:15:04]}
6. O-O-O {[%clk 0:14:51]} c6 {[%clk 0:14:55]} 7. h4 {[%clk 0:14:11]} h5
{[%clk 0:14:57]} 8. f3 {[%clk 0:14:03]} Qa5 {[%clk 0:14:57]} 9. Kb1
{[%clk 0:14:05]} e5 {[%clk 0:14:46]} 10. Bh6 {[%clk 0:13:18]} Be6
{[%clk 0:14:36]} 11. Nh3 {[%clk 0:11:00]} Bxh3 {[%clk 0:14:24]} 12. Rxh3
{[%clk 0:10:48]} Nbd7 {[%clk 0:14:20]} 13. Be2 {[%clk 0:09:00]} b5
{[%clk 0:14:10]} 14. Nd5 {[%clk 0:08:29]} Qxd2 {[%clk 0:14:01]} 15. Ne7+
{[%clk 0:08:31]} Kh7 {[%clk 0:13:19]} 16. Bxd2 {[%clk 0:08:33]} Nb8
{[%clk 0:12:30]} 17. d5 {[%clk 0:05:33]} cxd5 {[%clk 0:12:28]} 18. Nxd5
{[%clk 0:04:57]} Nxd5 {[%clk 0:12:14]} 19. exd5 {[%clk 0:04:59]} a6
{[%clk 0:12:15]} 20. Bb4 {[%clk 0:04:50]} Rd8 {[%clk 0:12:11]} 21. g4
{[%clk 0:04:36]} a5 {[%clk 0:10:14]} 22. Bd2 {[%clk 0:04:38]} b4 {[%clk 0:10:16]}
23. gxh5 {[%clk 0:04:36]} gxh5 {[%clk 0:10:17]} 24. Bd3+ {[%clk 0:04:34]} Kh8
{[%clk 0:09:58]} 25. Bg5 {[%clk 0:04:04]} Rg8 {[%clk 0:08:00]} 26. Bf5
{[%clk 0:03:36]} Na6 {[%clk 0:07:31]} 27. Rg3 {[%clk 0:03:31]} f6
{[%clk 0:03:37]} 28. Be3 {[%clk 0:03:30]} Bf8 {[%clk 0:03:38]} 29. Rxg8+
{[%clk 0:03:23]} Kxg8 {[%clk 0:03:41]} 30. Rg1+ {[%clk 0:03:25]} Kh8
{[%clk 0:03:42]} 31. Bg6 {[%clk 0:02:39]} Nc7 {[%clk 0:03:08]} 32. Rd1
{[%clk 0:02:38]} Be7 {[%clk 0:02:54]} 33. Bxh5 {[%clk 0:02:26]} f5
{[%clk 0:02:57]} 34. Bg6 {[%clk 0:02:27]} f4 {[%clk 0:02:53]} 35. Bb6
{[%clk 0:02:27]} Nb5 {[%clk 0:02:54]} 36. h5 {[%clk 0:02:22]} Kg7
{[%clk 0:02:41]} 37. Bd3 {[%clk 0:02:19]} Nd4 {[%clk 0:02:40]} 38. Be4
{[%clk 0:01:53]} Ra6 {[%clk 0:02:43]} 39. Bxd4 {[%clk 0:01:44]} exd4 40. Rxd4
{[%clk 0:01:45]} Bf6 {[%clk 0:02:43]} 41. Rc4 {[%clk 0:01:47]} Ra7
{[%clk 0:02:33]} 42. c3 {[%clk 0:01:40]} bxc3 {[%clk 0:02:32]} 43. bxc3
{[%clk 0:01:43]} Kh6 {[%clk 0:02:32]} 44. Bg6 {[%clk 0:01:40]} Re7
{[%clk 0:02:29]} 45. Rxf4 {[%clk 0:00:56]} Bxc3 {[%clk 0:02:31]} 46. Kc2
{[%clk 0:00:56]} Re3 {[%clk 0:02:28]} 47. Rf7 {[%clk 0:00:53]} Bd4
{[%clk 0:02:25]} 48. f4 {[%clk 0:00:49]} Bg7 {[%clk 0:02:20]} 49. a4
{[%clk 0:00:42]} Rf3 {[%clk 0:02:07]} 50. Kd2 {[%clk 0:00:37]} Ra3
{[%clk 0:02:02]} 51. f5 {[%clk 0:00:38]} Rf3 {[%clk 0:01:51]} 52. Rd7
{[%clk 0:00:38]} Be5 {[%clk 0:01:50]} 53. Ke2 {[%clk 0:00:37]} Rf4
{[%clk 0:01:49]} 54. Rf7 {[%clk 0:00:32]} Kg5 {[%clk 0:01:48]} 55. Rf8
{[%clk 0:00:23]} Rxa4 {[%clk 0:01:48]} 56. Rg8 {[%clk 0:00:25]} Re4+
{[%clk 0:01:44]} 57. Kd3 {[%clk 0:00:23]} Rd4+ {[%clk 0:01:45]} 58. Ke3
{[%clk 0:00:25]} Rh4 {[%clk 0:01:43]} 59. Re8 {[%clk 0:00:21]} Bd4+
{[%clk 0:01:44]} 60. Kd3 {[%clk 0:00:20]} Be5 {[%clk 0:01:44]} 61. Ra8
{[%clk 0:00:15]} Rd4+ {[%clk 0:01:46]} 62. Ke3 {[%clk 0:00:17]} Rxd5
{[%clk 0:01:48]} 63. Bf7 {[%clk 0:00:13]} Rc5 {[%clk 0:01:49]} 64. Ke4
{[%clk 0:00:13]} Rb5 {[%clk 0:01:49]} 65. Rg8+ {[%clk 0:00:14]} Kf6
{[%clk 0:01:50]} 66. Be6 {[%clk 0:00:15]} Rb4+ {[%clk 0:01:52]} 67. Kd5
{[%clk 0:00:17]} Rd4+ {[%clk 0:01:53]} 68. Kc6 {[%clk 0:00:19]} a4
{[%clk 0:01:56]} 69. Rg6+ {[%clk 0:00:21]} Ke7 {[%clk 0:01:57]} 70. h6
{[%clk 0:00:23]} Rh4 {[%clk 0:02:00]} 71. Rg7+ {[%clk 0:00:24]} Kf6
{[%clk 0:02:01]} 72. Rg6+ {[%clk 0:00:23]} Ke7 {[%clk 0:02:03]} 73. Rg7+
{[%clk 0:00:26]} Kf6 74. Rf7+ Kg5 {[%clk 0:02:08]} 75. h7 {[%clk 0:00:30]} a3
{[%clk 0:02:10]} 76. Ra7 {[%clk 0:00:32]} Kf6 {[%clk 0:02:07]} 77. Rf7+
{[%clk 0:00:34]} Kg5 {[%clk 0:02:10]} 78. Ra7 {[%clk 0:00:36]} Kf6
{[%clk 0:02:10]} 79. Rf7+ {[%clk 0:00:38]} Kg5 {[%clk 0:02:12]} 80. Ra7
{[%clk 0:00:40]} Kf6 {[%clk 0:02:14]} 81. Rf7+ {[%clk 0:00:18]} Kg5
{[%clk 0:02:17]} 1/2-1/2